| 000 | 01021nam a2200253Ia 4500 | ||
|---|---|---|---|
| 001 | 19453 | ||
| 003 | GE_BSU | ||
| 008 | 181216s||||||||xx |||||||||||||| ||und|| | ||
| 020 | _aISBN 99940-823-2-9 | ||
| 040 | _cGE_BSU | ||
| 080 | _a811.353.31 | ||
| 100 | _aკარტოზია, გურამ | ||
| 245 | _aლაზური ენა და მისი ადგილი ქართველურ ენათა სისტემაში | ||
| 245 | _cრედ.: თ. გამყრელიძე | ||
| 260 | _aთბილისი | ||
| 260 | _bნეკერი | ||
| 260 | _c2005 | ||
| 300 | _a288გვ; 20სმ | ||
| 300 | _bრეზ. რუს. ენ.. - ბიბლიოგრ. ტექსტ. შენიშვნ. და გვ. 277-287. | ||
| 541 | _h10ლ. | ||
| 653 | _aლაზური ენა და მისი ადგილი ქართველურ ენათა სისტემაში | ||
| 653 | _aლაზური ენა; | ||
| 942 | _cBK | ||
| 999 |
_c52431 _d52431 |
||